Ragachitra : (Record no. 100327)

MARC details
000 -LEADER
fixed length control field 00906nam a22002537a 4500
005 - DATE AND TIME OF LATEST TRANSACTION
control field 20160617124139.0
010 ## - LCCN (DPL NO)
LC control number ENG-115270
020 ## - INTERNATIONAL STANDARD BOOK NUMBER
International Standard Book Number 9789383098279
Terms of availability 1995.00
035 ## - SYSTEM CONTROL NUMBER
System control number EN-98802
037 ## - SOURCE OF ACQUISITION
Source of stock number/acquisition DBAD/PUB
082 ## - DEWEY DECIMAL CLASSIFICATION NUMBER
Classification number 757.7095432
100 ## - MAIN ENTRY--PERSONAL NAME
Personal name Daljeet
245 ## - TITLE STATEMENT
Title Ragachitra :
Remainder of title Deccani ragamala painting /
Statement of responsibility, etc by Daljeet ; edited by Mohua Mitra
260 ## - PUBLICATION, DISTRIBUTION, ETC. (IMPRINT)
Place of publication, distribution, etc New Delhi
Name of publisher, distributor, etc Niyogi Books
Date of publication, distribution, etc 2014
270 ## - ADDRESS
Address D-78,Okhla Industrial Area,Phase-I
City New Delhi
Postal code 110020
300 ## - PHYSICAL DESCRIPTION
Extent xi,258p. :
Other physical details ill.
Dimensions 28cm(Hb)
500 ## - GENERAL NOTE
General note Includes bibliographical references and index
610 ## - SUBJECT ADDED ENTRY--CORPORATE NAME
Corporate name or jurisdiction name as entry element National Museum of India.
650 ## - SUBJECT ADDED ENTRY--TOPICAL TERM
Topical term or geographic name as entry element Rāgamālā painting
Geographic subdivision India
-- Bijāpur (Karnataka)
650 ## - SUBJECT ADDED ENTRY--TOPICAL TERM
Topical term or geographic name as entry element Deccani painting
Geographic subdivision India
-- Bijāpur (Karnataka)
650 ## - SUBJECT ADDED ENTRY--TOPICAL TERM
Topical term or geographic name as entry element Miniature painting, Indic
Geographic subdivision India
-- Bijāpur (Karnataka)
700 ## - ADDED ENTRY--PERSONAL NAME
Personal name Mitra,Mohua
942 ## - ADDED ENTRY ELEMENTS (KOHA)
Source of classification or shelving scheme Dewey Decimal Classification
Item type Hindi Books
Call number suffix DAL
Classification part 757.7095432
Holdings
Withdrawn status Lost status Not for loan Collection code Home library Current library Date acquired Source of acquisition Cost, normal purchase price Full call number Barcode Copy number Cost, replacement price Koha item type
    Not For Loan Reference Central Library Central Library 15/06/2016 DBAD/PUB 1995.00 757.7095432 DAL EN-98802 1 1995.00 Hindi Books

© Delhi Public Library
Hit Counter
free hit counter